[Event "Puhajarve rap op 18th"]
[Site "Puhajarve"]
[Date "2017.11.25"]
[Round "25"]
[White "Asanov, Bolat"]
[Black "Reizniece Ozola, Dana"]
[Result "0-1"]
[WhiteElo "2404"]
[BlackElo "2283"]
[PlyCount "28"]
[EventDate "2017.11.24"]
[EventType "tourn (rapid)"]
[EventRounds "35"]
[EventCountry "EST"]
[SourceTitle "CBM 181 Extra"]
[Source "ChessBase"]
[SourceDate "2017.12.12"]
[SourceVersion "1"]
[SourceVersionDate "2017.12.12"]
[SourceQuality "1"]

1. Nf3 Nf6 2. g3 g6 3. Bg2 Bg7 4. 0-0 0-0 5. d4 d6 6. a4 a6 7. Nc3 Nc6 8. d5 Nb4 9. Nd4 a5 10. Bg5 Bd7 11. Qd2 Re8 12. Rfe1 c6 13. e4 Ng4 14. Nd1 Bxd4 0-1

[Event "Puhajarve rap op 18th"]
[Site "Puhajarve"]
[Date "2017.11.24"]
[Round "2"]
[White "Kiik, Kalle"]
[Black "Asanov, Bolat"]
[Result "1-0"]
[WhiteElo "2411"]
[BlackElo "2404"]
[PlyCount "97"]
[EventDate "2017.11.24"]
[EventType "tourn (rapid)"]
[EventRounds "35"]
[EventCountry "EST"]
[SourceTitle "CBM 181 Extra"]
[Source "ChessBase"]
[SourceDate "2017.12.12"]
[SourceVersion "1"]
[SourceVersionDate "2017.12.12"]
[SourceQuality "1"]

1. e4 d6 2. d4 g6 3. Nf3 Bg7 4. Bc4 Nf6 5. Qe2 0-0 6. e5 dxe5 7. dxe5 Nd5 8. h3 Nc6 9. 0-0 Nb6 10. Bb3 Nd4 11. Nxd4 Qxd4 12. Re1 Be6 13. Nc3 Bxb3 14. axb3 a6 15. Bg5 Qc5 16. Qe4 h6 17. Bf4 Rab8 18. Rad1 e6 19. h4 Rfd8 20. Rxd8+ Rxd8 21. Qxb7 Nd5 22. Nxd5 Rxd5 23. c3 a5 24. Qa8+ Qf8 25. Qb7 Qd8 26. Bg3 g5 27. hxg5 hxg5 28. Qa6 Rd1 29. Qe2 Rd2 30. Qb5 Rxb2 31. Qxa5 Rxb3 32. Kh2 Qd2 33. Re3 Qd1 34. Qa8+ Bf8 35. Rf3 Rxc3 36. Rxc3 Qh5+ 37. Bh4 Qxh4+ 38. Kg1 Qd4 39. Re3 Qd1+ 40. Kh2 Qh5+ 41. Rh3 Qe2 42. Rh8+ Kxh8 43. Qxf8+ Kh7 44. Qxf7+ Kh6 45. Qxe6+ Kh7 46. Qf7+ Kh6 47. Qf6+ Kh5 48. f3 Qe1 49. g4+ 1-0

[Event "Ulan-Ude Sangha"]
[Site "Ulan-Ude"]
[Date "2013.09.09"]
[Round "2"]
[White "Badmatsyrenov, Oleg"]
[Black "Asanov, Bolat"]
[Result "1/2-1/2"]
[WhiteElo "2486"]
[BlackElo "2422"]
[PlyCount "22"]
[EventDate "2013.09.08"]
[EventType "tourn"]
[EventRounds "11"]
[EventCountry "RUS"]
[EventCategory "7"]
[SourceTitle "EXT 2018"]
[Source "ChessBase"]
[SourceDate "2017.10.13"]
[SourceVersion "1"]
[SourceVersionDate "2017.10.13"]
[SourceQuality "1"]

1. e4 d6 2. d4 g6 3. Nc3 Bg7 4. Be3 a6 5. f4 Nf6 6. Nf3 Ng4 7. Qd2 Nxe3 8. Qxe3 b5 9. 0-0-0 Nd7 10. e5 Nb6 11. h4 Bg4 1/2-1/2

[Event "Ulaanbaatar Chin Van Xanddorj"]
[Site "Ulaanbaatar"]
[Date "2011.12.10"]
[Round "7"]
[White "Asanov, Bolat"]
[Black "Badmatsyrenov, Oleg"]
[Result "0-1"]
[WhiteElo "2442"]
[BlackElo "2464"]
[PlyCount "76"]
[EventDate "2011.12.06"]
[EventType "tourn"]
[EventRounds "9"]
[EventCountry "MGL"]
[EventCategory "8"]
[SourceTitle "CBM 145 Extra"]
[Source "ChessBase"]
[SourceDate "2012.01.03"]
[SourceVersion "1"]
[SourceVersionDate "2012.01.03"]
[SourceQuality "1"]

1. Nf3 c5 2. g3 b6 3. Bg2 Bb7 4. 0-0 Nf6 5. c4 g6 6. a3 Bg7 7. b4 0-0 8. Bb2 Nc6 9. Qb3 Rb8 10. Nc3 e6 11. Na4 Qe7 12. Rab1 Ba8 13. d3 d6 14. e3 Rfd8 15. Rfc1 Bh6 16. Nc3 Ng4 17. Re1 Nce5 18. Ne4 Nxf3+ 19. Bxf3 Ne5 20. Bg2 f5 21. Nd2 Bxg2 22. Kxg2 Qb7+ 23. Kg1 Rd7 24. bxc5 Nf7 25. cxb6 axb6 26. Qd1 Ng5 27. e4 e5 28. Nf3 Ne6 29. h4 Rf8 30. Nh2 Rdf7 31. exf5 Rxf5 32. Re2 g5 33. Ng4 Bg7 34. h5 h6 35. Ne3 Rf3 36. Bc3 Qf7 37. Rxb6 Rxf2 38. Rxd6 Qf3 0-1

[Event "Ulaanbaatar Chin Van Xanddorj"]
[Site "Ulaanbaatar"]
[Date "2011.12.08"]
[Round "6"]
[White "Gundavaa, Bayarsaihan"]
[Black "Asanov, Bolat"]
[Result "1/2-1/2"]
[WhiteElo "2478"]
[BlackElo "2442"]
[PlyCount "39"]
[EventDate "2011.12.06"]
[EventType "tourn"]
[EventRounds "9"]
[EventCountry "MGL"]
[EventCategory "8"]
[SourceTitle "CBM 145 Extra"]
[Source "ChessBase"]
[SourceDate "2012.01.03"]
[SourceVersion "1"]
[SourceVersionDate "2012.01.03"]
[SourceQuality "1"]

1. d4 d6 2. c4 g6 3. Nc3 Bg7 4. e4 Nf6 5. f3 0-0 6. Be3 a6 7. Qd2 c6 8. 0-0-0 b5 9. h4 Re8 10. Bh6 Bh8 11. h5 Qa5 12. hxg6 fxg6 13. Kb1 e5 14. d5 b4 15. Nce2 cxd5 16. cxd5 Nbd7 17. Nc1 Nc5 18. Nd3 Ncxe4 19. fxe4 Nxe4 20. Qc2 1/2-1/2

[Event "Ulan-Ude Sangha 2nd"]
[Site "Ulan-Ude"]
[Date "2011.06.08"]
[Round "7"]
[White "Asanov, Bolat"]
[Black "Badmatsyrenov, Oleg"]
[Result "1/2-1/2"]
[WhiteElo "2449"]
[BlackElo "2449"]
[PlyCount "43"]
[EventDate "2011.06.04"]
[EventType "tourn"]
[EventRounds "9"]
[EventCountry "RUS"]
[EventCategory "7"]
[SourceTitle "EXT 2012"]
[Source "ChessBase"]
[SourceDate "2011.11.24"]
[SourceVersion "1"]
[SourceVersionDate "2011.11.24"]
[SourceQuality "1"]

1. Nf3 c5 2. g3 b6 3. Bg2 Bb7 4. 0-0 e6 5. c4 Nf6 6. Nc3 Be7 7. d4 cxd4 8. Nxd4 Bxg2 9. Kxg2 Qc8 10. Qd3 Nc6 11. Nxc6 Qxc6+ 12. e4 0-0 13. f3 Rac8 14. b3 d5 15. exd5 exd5 16. Nxd5 Nxd5 17. cxd5 Qc2+ 18. Qxc2 Rxc2+ 19. Rf2 Rxf2+ 20. Kxf2 Rd8 21. Be3 Rxd5 22. Rc1 1/2-1/2

[Event "Ulan-Ude Sangha 2nd"]
[Site "Ulan-Ude"]
[Date "2011.06.04"]
[Round "1"]
[White "Nevostrujev, Vladimir"]
[Black "Asanov, Bolat"]
[Result "1/2-1/2"]
[WhiteElo "2475"]
[BlackElo "2449"]
[PlyCount "37"]
[EventDate "2011.06.04"]
[EventType "tourn"]
[EventRounds "9"]
[EventCountry "RUS"]
[EventCategory "7"]
[SourceTitle "EXT 2012"]
[Source "ChessBase"]
[SourceDate "2011.11.24"]
[SourceVersion "1"]
[SourceVersionDate "2011.11.24"]
[SourceQuality "1"]

1. d4 Nf6 2. c4 g6 3. Nc3 Bg7 4. e4 d6 5. f3 0-0 6. Be3 c5 7. Nge2 cxd4 8. Nxd4 Nc6 9. Be2 Nxd4 10. Bxd4 Be6 11. 0-0 Qa5 12. Rc1 Rfc8 13. b3 a6 14. Qd3 Rab8 15. Ba7 Ra8 16. Bd4 Rab8 17. Ba7 Ra8 18. Bd4 Rab8 19. Ba7 1/2-1/2

[Event "Guillermo Garcia Memorial-B 07th"]
[Site "Santa Clara"]
[Date "1999.06.06"]
[Round "12"]
[White "Herrera, Irisberto"]
[Black "Asanov, Bolat"]
[Result "1-0"]
[WhiteElo "2450"]
[BlackElo "2500"]
[PlyCount "42"]
[EventDate "1999.05.??"]
[EventType "tourn"]
[EventRounds "13"]
[EventCountry "CUB"]
[EventCategory "7"]
[SourceTitle "CBM 070 Extra"]
[Source "ChessBase"]
[SourceDate "1999.07.10"]
[SourceVersion "1"]
[SourceVersionDate "1999.07.10"]
[SourceQuality "1"]

1. e4 d6 2. d4 g6 3. Nc3 Bg7 4. Be3 a6 5. Nf3 b5 6. Bd3 Bb7 7. e5 dxe5 8. dxe5 Nc6 9. e6 f5 10. 0-0 Qd6 11. Qe2 Nb4 12. Rad1 Nxd3 13. Rxd3 Qxe6 14. Re1 Nf6 15. Nd4 Qf7 16. Bf4 Ne4 17. f3 c5 18. Nxf5 Bxc3 19. Rxc3 Nxc3 20. Qxe7+ Qxe7 21. Rxe7+ Kf8 1-0

[Event "Guillermo Garcia Memorial-B 07th"]
[Site "Santa Clara"]
[Date "1999.05.31"]
[Round "7"]
[White "Asanov, Bolat"]
[Black "Del Rio de Angelis, Salvador Gabriel"]
[Result "0-1"]
[WhiteElo "2500"]
[BlackElo "2408"]
[PlyCount "62"]
[EventDate "1999.05.??"]
[EventType "tourn"]
[EventRounds "13"]
[EventCountry "CUB"]
[EventCategory "7"]
[SourceTitle "CBM 070 Extra"]
[Source "ChessBase"]
[SourceDate "1999.07.10"]
[SourceVersion "1"]
[SourceVersionDate "1999.07.10"]
[SourceQuality "1"]

1. Nf3 c5 2. g3 Nc6 3. Bg2 Nf6 4. 0-0 e6 5. c4 d5 6. cxd5 exd5 7. d4 Be7 8. dxc5 Bxc5 9. Bg5 0-0 10. Nc3 Be6 11. Rc1 Bb6 12. Ne1 h6 13. Bxf6 Qxf6 14. Nd3 Rad8 15. Nf4 d4 16. Ncd5 Bxd5 17. Bxd5 Bc7 18. Nh5 Qg5 19. Bf3 g6 20. h4 Qe7 21. Nf4 Bxf4 22. gxf4 Qxh4 23. Qd2 Rd6 24. Kg2 Qf6 25. b4 Nd8 26. Kg3 Rb6 27. Rfd1 Ne6 28. Bg4 h5 29. Bh3 h4+ 30. Kg4 Rxb4 31. Bg2 Rb2 0-1

[Event "Guillermo Garcia Memorial-B 07th"]
[Site "Santa Clara"]
[Date "1999.05.25"]
[Round "2"]
[White "Asanov, Bolat"]
[Black "Hernando Rodrigo, Jose Maria"]
[Result "1-0"]
[WhiteElo "2500"]
[BlackElo "2363"]
[PlyCount "75"]
[EventDate "1999.05.??"]
[EventType "tourn"]
[EventRounds "13"]
[EventCountry "CUB"]
[EventCategory "7"]
[SourceTitle "CBM 070 Extra"]
[Source "ChessBase"]
[SourceDate "1999.07.10"]
[SourceVersion "1"]
[SourceVersionDate "1999.07.10"]
[SourceQuality "1"]

1. e4 e6 2. d4 d5 3. Nc3 Nf6 4. Bg5 Be7 5. e5 Nfd7 6. h4 Bxg5 7. hxg5 Qxg5 8. Nh3 Qe7 9. Qg4 f5 10. exf6 Nxf6 11. Qg3 Nc6 12. 0-0-0 a6 13. Ng5 Qd6 14. f4 Bd7 15. Bd3 Rg8 16. Bxh7 Nxh7 17. Rxh7 Qf8 18. Qg4 Qf6 19. f5 exf5 20. Qh5+ g6 21. Nxd5 0-0-0 22. Nxf6 gxh5 23. Nf7 Rg6 24. Nxd8 Rxf6 25. Nxc6 Bxc6 26. d5 Be8 27. Re1 Bg6 28. Rh6 f4 29. Re7 Rd6 30. c4 Bd3 31. Rxd6 cxd6 32. b3 b5 33. cxb5 axb5 34. Kd2 Bf1 35. Rg7 b4 36. Ke1 Bd3 37. Rf7 Be4 38. Kf2 1-0

[Event "Guillermo Garcia Memorial-B 07th"]
[Site "Santa Clara"]
[Date "1999.05.24"]
[Round "1"]
[White "Perdomo, Carlos Andres"]
[Black "Asanov, Bolat"]
[Result "1-0"]
[WhiteElo "2410"]
[BlackElo "2500"]
[PlyCount "105"]
[EventDate "1999.05.??"]
[EventType "tourn"]
[EventRounds "13"]
[EventCountry "CUB"]
[EventCategory "7"]
[SourceTitle "CBM 070 Extra"]
[Source "ChessBase"]
[SourceDate "1999.07.10"]
[SourceVersion "1"]
[SourceVersionDate "1999.07.10"]
[SourceQuality "1"]

1. e4 g6 2. d4 Bg7 3. Nc3 d6 4. Nf3 a6 5. Be3 Nc6 6. Qd2 b5 7. a4 b4 8. Ne2 Nf6 9. Ng3 Ng4 10. Bf4 Bb7 11. h3 e5 12. Bg5 f6 13. hxg4 fxg5 14. d5 Nd4 15. Nxd4 exd4 16. Qxb4 Rb8 17. Qa5 0-0 18. Bd3 Bc8 19. b3 Qf6 20. 0-0 Bxg4 21. Qxc7 Qf4 22. e5 Bxe5 23. Rae1 Bf5 24. Bxa6 h5 25. Rxe5 Qxe5 26. Nxf5 Qxf5 27. a5 Kh8 28. Bd3 Qxd5 29. a6 Qc5 30. Qxc5 dxc5 31. Ra1 Ra8 32. Ra5 Rfc8 33. Bxg6 Rc6 34. Bd3 Kg7 35. Bb5 Rc7 36. Ra1 Kf6 37. Bc4 Raa7 38. Bd5 Ke5 39. Bc4 Kd6 40. Kh2 Re7 41. Kg3 Re4 42. f3 Re3 43. Rh1 Rc3 44. Rxh5 Rxc2 45. Rxg5 Kc6 46. Rg6+ Kc7 47. Kf4 Ra8 48. Bd5 Rd8 49. a7 d3 50. Rg7+ Kd6 51. Be4 Rc3 52. Rg5 Ke6 53. a8Q 1-0

[Event "St Petersburg"]
[Site "St Petersburg"]
[Date "1994.??.??"]
[Round "?"]
[White "Asanov, Bolat"]
[Black "Savon, Vladimir A"]
[Result "1-0"]
[WhiteElo "2360"]
[BlackElo "2435"]
[PlyCount "41"]
[EventDate "1994.??.??"]
[EventType "tourn"]
[EventRounds "14"]
[EventCountry "RUS"]
[EventCategory "9"]
[SourceTitle "EXT 1998"]
[Source "ChessBase"]
[SourceDate "1997.11.17"]
[SourceVersion "1"]
[SourceVersionDate "1997.11.17"]
[SourceQuality "1"]

1. d4 f5 2. Bg5 g6 3. Nc3 Bg7 4. e4 fxe4 5. Bc4 Nf6 6. Qe2 c6 7. Bxf6 Bxf6 8. Nxe4 Kf8 9. d5 Bxb2 10. Rd1 Kg7 11. c3 Ba3 12. h4 h6 13. h5 g5 14. Nxg5 hxg5 15. Qe5+ Kh6 16. Nf3 Rg8 17. d6 e6 18. Nh2 g4 19. Rd4 Bc1 20. Nxg4+ Rxg4 21. Rxg4 1-0

[Event "Karaganda"]
[Site "Karaganda"]
[Date "1994.??.??"]
[Round "?"]
[White "Chuprov, Dmitry"]
[Black "Asanov, Bolat"]
[Result "1-0"]
[WhiteElo "2400"]
[BlackElo "2360"]
[PlyCount "81"]
[EventDate "1994.??.??"]
[EventType "tourn"]
[EventRounds "13"]
[EventCountry "KAZ"]
[EventCategory "8"]
[SourceTitle "CBM 043"]
[Source "ChessBase"]
[SourceDate "1994.12.01"]
[SourceVersion "1"]
[SourceVersionDate "1994.12.01"]
[SourceQuality "1"]

1. c4 g6 2. Nc3 Bg7 3. d4 Nf6 4. e4 d6 5. Nf3 0-0 6. Be2 Na6 7. 0-0 e5 8. d5 Ne8 9. Ne1 f5 10. f3 Nf6 11. Nd3 c5 12. g4 h6 13. Be3 Nh7 14. Kg2 h5 15. gxf5 gxf5 16. exf5 Bxf5 17. Qd2 Qd7 18. Nf2 Nc7 19. Nce4 Ne8 20. Rg1 Kh8 21. Kh1 Nef6 22. Rg2 h4 23. Rag1 Nh5 24. Bh6 Rg8 25. Bxg7+ Rxg7 26. Rxg7 Nxg7 27. Qh6 Bxe4 28. Nxe4 Nf5 29. Qg6 Rf8 30. Bd3 Qf7 31. Qxf7 Rxf7 32. Rg6 Ne7 33. Rxd6 Rxf3 34. Rd8+ Kg7 35. d6 Ng6 36. Nxc5 Nf4 37. Rd7+ Kg8 38. Bxh7+ Kh8 39. Bd3 Nxd3 40. Rd8+ Kg7 41. Re8 1-0

[Event "FRA-ch op FIDE"]
[Site "Paris"]
[Date "1994.??.??"]
[Round "2"]
[White "Coleman, David"]
[Black "Asanov, Bolat"]
[Result "0-1"]
[WhiteElo "2245"]
[BlackElo "2360"]
[PlyCount "88"]
[EventDate "1994.??.??"]
[EventType "swiss"]
[EventRounds "9"]
[EventCountry "FRA"]
[SourceTitle "EXT 1998"]
[Source "ChessBase"]
[SourceDate "1997.11.17"]
[SourceVersion "1"]
[SourceVersionDate "1997.11.17"]
[SourceQuality "1"]

1. e4 d6 2. d4 g6 3. Nc3 Bg7 4. f4 Nc6 5. Bb5 a6 6. Bxc6+ bxc6 7. Nf3 Nf6 8. 0-0 0-0 9. h3 Nd7 10. Be3 Rb8 11. Rb1 c5 12. dxc5 Nxc5 13. Bd4 Bh6 14. Bxc5 dxc5 15. Qxd8 Rxd8 16. Ne5 Bb7 17. Nd3 c4 18. Nc5 Rd2 19. Rbc1 Bg7 20. N3a4 Bc6 21. c3 Rbd8 22. Rce1 f5 23. Rf2 fxe4 24. Rxd2 Rxd2 25. Nxe4 Rc2 26. Nac5 a5 27. Rb1 Re2 28. Nf2 Kf7 29. Kf1 Rc2 30. Nce4 Ke6 31. g4 Bh6 32. g5 Bg7 33. Ke1 Kf5 34. Nd2 Kxf4 35. Kd1 Ba4 36. b3 Rxa2 37. bxa4 Bxc3 38. Nde4 Bd4 39. Ke1 c3 40. Rb7 Kf3 41. Rxc7 Ra1+ 42. Nd1 Kxe4 43. Rxe7+ Kd3 44. Re2 Rc1 0-1

[Event "Kurgan"]
[Site "Kurgan"]
[Date "1993.??.??"]
[Round "?"]
[White "Asanov, Bolat"]
[Black "Chuprov, Dmitry"]
[Result "1/2-1/2"]
[WhiteElo "2385"]
[BlackElo "2405"]
[PlyCount "84"]
[EventDate "1993.12.??"]
[EventType "tourn"]
[EventRounds "13"]
[EventCountry "RUS"]
[EventCategory "8"]
[SourceTitle "CBM 038 Extra"]
[Source "ChessBase"]
[SourceDate "1994.03.01"]
[SourceVersion "1"]
[SourceVersionDate "1994.03.01"]
[SourceQuality "1"]

1. e4 d6 2. d4 Nf6 3. Nc3 e5 4. Nf3 Nbd7 5. g3 g6 6. Bg2 Bg7 7. 0-0 0-0 8. h3 c6 9. Be3 Re8 10. dxe5 dxe5 11. Qd3 Qc7 12. Rfd1 Bf8 13. Qc4 Nb6 14. Qe2 Nfd7 15. Nh2 Nc5 16. Ng4 Bxg4 17. Qxg4 Rad8 18. Rxd8 Rxd8 19. Rd1 Ne6 20. Rxd8 Qxd8 21. Qd1 Qc7 22. h4 Nc4 23. Bc1 Nd4 24. Bf1 Nd6 25. Ne2 Nxe2+ 26. Qxe2 Qa5 27. a3 Qa4 28. Bg2 Nb5 29. Qd3 Nd4 30. b3 Qa5 31. b4 Qa4 32. c3 Ne6 33. Bh3 Qb3 34. Bxe6 Qxe6 35. Qd8 Qe7 36. Qa8 Kg7 37. Qxa7 Qd7 38. Qe3 Qd1+ 39. Kg2 Qc2 40. h5 b5 41. Kh2 Kg8 42. h6 Bxh6 1/2-1/2

[Event "Bratislava op"]
[Site "Bratislava"]
[Date "1993.??.??"]
[Round "3"]
[White "Asanov, Bolat"]
[Black "Gazik, Renata"]
[Result "1-0"]
[WhiteElo "2385"]
[BlackElo "2125"]
[PlyCount "52"]
[EventDate "1993.??.??"]
[EventType "swiss"]
[EventRounds "9"]
[EventCountry "SVK"]
[SourceTitle "EXT 1997"]
[Source "ChessBase"]
[SourceDate "1996.11.15"]
[SourceVersion "1"]
[SourceVersionDate "1996.11.15"]
[SourceQuality "1"]

1. e4 e6 2. d4 d5 3. Nc3 Nf6 4. e5 Nfd7 5. f4 c5 6. Nf3 Nc6 7. Be3 cxd4 8. Nxd4 Qb6 9. Qd2 Qxb2 10. Rb1 Qa3 11. Bb5 Nxd4 12. Bxd4 Bb4 13. 0-0 a6 14. Rb3 Qa5 15. Rfb1 Qxb5 16. Rxb4 Qc6 17. f5 h6 18. Qf2 exf5 19. Qg3 Rg8 20. Qf3 b5 21. a4 Qe6 22. Nxd5 Nxe5 23. Nc7+ Kd7 24. Bxe5 Qxe5 25. Nxa8 Qc5+ 26. Qf2 Qxf2+ 1-0

[Event "Lloyds Bank op 17th"]
[Site "London"]
[Date "1993.??.??"]
[Round "1"]
[White "Asanov, Bolat"]
[Black "Hodgson, Julian M"]
[Result "1-0"]
[WhiteElo "2385"]
[BlackElo "2625"]
[PlyCount "87"]
[EventDate "1993.08.??"]
[EventType "swiss"]
[EventRounds "10"]
[EventCountry "ENG"]
[SourceTitle "EXT 1998"]
[Source "ChessBase"]
[SourceDate "1997.11.17"]
[SourceVersion "1"]
[SourceVersionDate "1997.11.17"]
[SourceQuality "1"]

1. Nf3 Nf6 2. g3 g6 3. Bg2 Bg7 4. 0-0 0-0 5. d4 d5 6. c4 dxc4 7. Na3 Nc6 8. Nxc4 Be6 9. b3 a5 10. a4 Bd5 11. Ba3 Re8 12. Rc1 e6 13. e3 Qb8 14. Qe2 Qa7 15. Rfd1 Rad8 16. Qe1 Qa8 17. Qe2 Qa7 18. Bf1 Qa8 19. Ne1 b6 20. f4 Ne7 21. Nd2 Qb7 22. g4 h5 23. g5 Ne4 24. Nxe4 Bxe4 25. Qa6 Qxa6 26. Bxa6 c6 27. Bd3 Bd5 28. Bc2 c5 29. dxc5 bxc5 30. Bxc5 Rb8 31. Rb1 Bc3 32. e4 Bc6 33. Bd4 Bxd4+ 34. Rxd4 Red8 35. Rbd1 Rxd4 36. Rxd4 Kf8 37. Nf3 Ke8 38. Kf2 Rd8 39. Rxd8+ Kxd8 40. Ne5 Be8 41. Ke3 Kc7 42. Bd3 Nc6 43. Nxc6 Bxc6 44. Kd4 1-0